<?xml version="1.0" encoding="UTF-8"?>
<record
    xmlns:xsi="http://www.w3.org/2001/XMLSchema-instance"
    xsi:schemaLocation="http://www.loc.gov/MARC21/slim http://www.loc.gov/standards/marcxml/schema/MARC21slim.xsd"
    xmlns="http://www.loc.gov/MARC21/slim">

  <leader>01638nam a22003377a 4500</leader>
  <controlfield tag="005">20090703112327.0</controlfield>
  <controlfield tag="008">090703t        xxu||||| |||| 00| 0 hin d</controlfield>
  <datafield tag="010" ind1=" " ind2=" ">
    <subfield code="a">HIN-87172</subfield>
  </datafield>
  <datafield tag="020" ind1=" " ind2=" ">
    <subfield code="a">9788190778817</subfield>
    <subfield code="c">150.00</subfield>
  </datafield>
  <datafield tag="035" ind1=" " ind2=" ">
    <subfield code="a">HN-59518</subfield>
  </datafield>
  <datafield tag="037" ind1=" " ind2=" ">
    <subfield code="b">DBAD / PUB </subfield>
  </datafield>
  <datafield tag="040" ind1=" " ind2=" ">
    <subfield code="a">dpl</subfield>
    <subfield code="b">hn </subfield>
  </datafield>
  <datafield tag="082" ind1=" " ind2=" ">
    <subfield code="a">230.3</subfield>
  </datafield>
  <datafield tag="100" ind1=" " ind2=" ">
    <subfield code="a">&#x92E;&#x93F;&#x936;&#x94D;&#x930;&#x93E;, &#x90F;&#x938;.&#x915;&#x947;. </subfield>
  </datafield>
  <datafield tag="245" ind1=" " ind2=" ">
    <subfield code="a">&#x905;&#x927;&#x94D;&#x92F;&#x93E;&#x924;&#x94D;&#x92E;&#x903; &#x938;&#x93E;&#x92E;&#x93E;&#x91C;&#x93F;&#x915; &#x938;&#x928;&#x94D;&#x926;&#x930;&#x94D;&#x92D;  /</subfield>
    <subfield code="b">&#x90F;&#x938;.&#x915;&#x947;.&#x92E;&#x93F;&#x936;&#x94D;&#x930;&#x93E;; &#x90F;&#x932;. &#x909;&#x92E;&#x93E;&#x936;&#x902;&#x915;&#x930; &#x938;&#x93F;&#x902;&#x939; &#x926;&#x94D;&#x935;&#x93E;&#x930;&#x93E; &#x938;&#x902;&#x92A;&#x93E;&#x926;&#x93F;&#x924; </subfield>
  </datafield>
  <datafield tag="246" ind1=" " ind2=" ">
    <subfield code="a">Adhyaatma: saamaajika sandarbha </subfield>
    <subfield code="b">by S.K. Mishra </subfield>
  </datafield>
  <datafield tag="250" ind1=" " ind2=" ">
    <subfield code="a">2&#x930;&#x93E; &#x938;&#x902;&#x938;&#x94D;&#x915;.</subfield>
  </datafield>
  <datafield tag="260" ind1=" " ind2=" ">
    <subfield code="a">&#x935;&#x93E;&#x930;&#x93E;&#x923;&#x938;&#x940;</subfield>
    <subfield code="b">&#x92A;&#x941;&#x938;&#x94D;&#x924;&#x915; &#x92A;&#x925; </subfield>
    <subfield code="c">2009</subfield>
  </datafield>
  <datafield tag="270" ind1=" " ind2=" ">
    <subfield code="a">&#x92C;&#x940;-32/32 &#x90F;-14 &#x938;&#x93E;&#x915;&#x947;&#x924; &#x928;&#x917;&#x930;, </subfield>
    <subfield code="b">&#x935;&#x93E;&#x930;&#x93E;&#x923;&#x938;&#x940; </subfield>
    <subfield code="e">221005</subfield>
    <subfield code="k">09415256054, 09415270006</subfield>
  </datafield>
  <datafield tag="300" ind1=" " ind2=" ">
    <subfield code="a">144&#x92A;&#x943;..</subfield>
    <subfield code="c">22&#x938;&#x947;&#x92E;&#x940; (&#x938;&#x91C;&#x93F;&#x932;&#x94D;&#x926;) </subfield>
  </datafield>
  <datafield tag="650" ind1=" " ind2=" ">
    <subfield code="a">&#x939;&#x93F;&#x928;&#x94D;&#x926;&#x942; &#x927;&#x930;&#x94D;&#x92E; </subfield>
  </datafield>
  <datafield tag="650" ind1=" " ind2=" ">
    <subfield code="a">Hinduism</subfield>
  </datafield>
  <datafield tag="650" ind1=" " ind2=" ">
    <subfield code="a">Spritualism</subfield>
  </datafield>
  <datafield tag="650" ind1=" " ind2=" ">
    <subfield code="a">Spritualism</subfield>
  </datafield>
  <datafield tag="650" ind1=" " ind2=" ">
    <subfield code="a">&#x906;&#x927;&#x94D;&#x92F;&#x93E;&#x924;&#x94D;&#x92E;&#x935;&#x93E;&#x926; </subfield>
  </datafield>
  <datafield tag="650" ind1=" " ind2=" ">
    <subfield code="a">Spritualism</subfield>
  </datafield>
  <datafield tag="700" ind1=" " ind2=" ">
    <subfield code="a">&#x909;&#x92E;&#x93E;&#x936;&#x902;&#x915;&#x930; &#x938;&#x93F;&#x902;&#x939;, &#x90F;&#x932;.</subfield>
  </datafield>
  <datafield tag="942" ind1=" " ind2=" ">
    <subfield code="2">ddc</subfield>
    <subfield code="c">HN</subfield>
    <subfield code="m">&#x92E;&#x93F;&#x936;&#x94D;&#x930;&#x93E;&#x90F;</subfield>
    <subfield code="h">230.3</subfield>
  </datafield>
  <datafield tag="999" ind1=" " ind2=" ">
    <subfield code="c">28051</subfield>
    <subfield code="d">28051</subfield>
  </datafield>
  <datafield tag="952" ind1=" " ind2=" ">
    <subfield code="0">0</subfield>
    <subfield code="1">0</subfield>
    <subfield code="2">ddc</subfield>
    <subfield code="4">0</subfield>
    <subfield code="7">1</subfield>
    <subfield code="a">DBAD</subfield>
    <subfield code="b">DBAD</subfield>
    <subfield code="d">2009-07-03</subfield>
    <subfield code="e">DBAD /PUB </subfield>
    <subfield code="g">150.00</subfield>
    <subfield code="l">0</subfield>
    <subfield code="o">230.3 &#x92E;&#x93F;&#x936;&#x94D;&#x930;&#x93E;&#x90F;</subfield>
    <subfield code="p">HN-59518</subfield>
    <subfield code="r">2009-07-03 00:00:00</subfield>
    <subfield code="t">1</subfield>
    <subfield code="v">150.00</subfield>
    <subfield code="w">2009-07-03</subfield>
    <subfield code="y">HN</subfield>
  </datafield>
  <datafield tag="952" ind1=" " ind2=" ">
    <subfield code="0">0</subfield>
    <subfield code="1">0</subfield>
    <subfield code="2">ddc</subfield>
    <subfield code="4">0</subfield>
    <subfield code="7">0</subfield>
    <subfield code="a">AG</subfield>
    <subfield code="b">AG</subfield>
    <subfield code="d">2009-07-20</subfield>
    <subfield code="l">0</subfield>
    <subfield code="o">230.3 &#x92E;&#x93F;&#x936;&#x94D;&#x930;&#x93E;&#x90F;</subfield>
    <subfield code="r">2009-07-20 00:00:00</subfield>
    <subfield code="w">2009-07-20</subfield>
    <subfield code="y">HN</subfield>
  </datafield>
</record>
